000 00573cam a2200205 a 4500
020 _a0394339665 (set) :
020 _a039434278X (pbk. : v. 1) :
020 _a0394342798 (pbk. : v. 2) :
040 _cDLC
082 0 0 _a909 KNO 1985 A104 Or.
100 1 _aHarrison, John B.
245 1 2 _aA short history of Western civilization /
250 _a6th ed.
260 _aNew York :
_bKnopf,
_cc1985.
300 _axv, 768, xxxvii p. :
_bill. ;
_c24 cm.
650 0 _aCivilization, Western
700 1 _aSullivan, Richard E.
700 1 _aSherman, Dennis.
942 _cEK
999 _c16198
_d16198